000 00678nam a2200229Ia 4500
003 OSt
005 20220925174341.0
006 a|||||r|||| 00| 0
007 ta
008 220923b |||||||| |||| 00| 0 eng d
037 _cGeneral Book
040 _aRTL
_cRTL
_beng
041 _2eng
_aeng
082 _aX9(J451).2.N66<N57r, K6
110 _aNAGRI FARM TEA COMPANY LIMITED
_9246614
245 0 _aAnnual report and accounts ,1957.
260 _aCalcutta
_bNagri Farm Tea Co. Ltd
_c1966
300 _a18p.
_ccm.
700 _aNAGRI FARM TEA COMPANY LIMITED
_9246615
942 _hX9(J451).2.N66<N57r, K6
_cGB
_2CC
999 _c490709
_d490709